| 000 | 00594nam a2200229Ia 4500 | ||
|---|---|---|---|
| 003 | OSt | ||
| 005 | 20221005120108.0 | ||
| 006 | a|||||r|||| 00| 0 | ||
| 007 | ta | ||
| 008 | 221004b |||||||| |||| 00| 0 eng d | ||
| 024 | _a38598 | ||
| 037 | _cTextual | ||
| 040 |
_aCRL _cCRL _beng |
||
| 041 |
_2eng _aeng |
||
| 082 | _aO:2N072:2, K6 | ||
| 100 | _aGenet Jean | ||
| 245 | 0 |
_aDeath watch _b A play tr from the French by Bernard Frechtman |
|
| 260 | _c1966 | ||
| 650 | _aENGLISH LITERATURE | ||
| 942 |
_hO:2N072:2, K6 _cTEXL _2cc |
||
| 999 |
_c1036870 _d1036870 |
||